Información imperfecta y contratos en el mercado laboral: implicaciones macroeconómicas

Guardat en:
Dades bibliogràfiques
Autor principal: Fontaine, Juan Andrés (Autor)
Format: Llibre
Idioma:espanyol
Publicat: Santiago Pontificia Universidad Católica de Chile 1976
Col·lecció:Documentos de Trabajo, 47
Matèries:
Etiquetes: Afegir etiqueta
Sense etiquetes, Sigues el primer a etiquetar aquest registre!

MARC

LEADER 00000nam a2200000 a 4500
001 UCQ2142
003 CL-VaPUC
008 980721e19760700CL |||||||||||||||||spa|d
082 0 4 |a 331.12  |b FON  |2 21 
100 0 |a Fontaine, Juan Andrés  |e author  |9 416073 
245 1 0 |a Información imperfecta y contratos en el mercado laboral: implicaciones macroeconómicas 
300 |a 100 p 
942 |c BK 
945 |d 19980721 00:00:00  |a crobeson 
260 |a Santiago  |b Pontificia Universidad Católica de Chile  |c 1976 
650 0 |a Mercado laboral   |9 375911 
650 7 |a OFERTA DE LA MANO DE OBRA  |2 CL-VaPUC  |9 416074 
650 0 |a Macroeconomía   |9 260301 
650 0 |a Salario  |9 379787 
650 0 |a Trabajo y empleo  |9 315054 
583 |a last modification  |c 19980721 00:00:00  |k Rodrigo Vera 
490 0 |a Documentos de Trabajo, 47 
999 |c 272983  |d 272981 
952 |0 0  |1 0  |4 0  |6 331_120000000000000_FON_1976  |7 0  |8 A  |9 308220  |a BIBENE  |b BIBENE  |d 2019-11-20  |i 1439499  |o 331.12 FON 1976  |p 1439499  |r 2025-01-15  |w 2019-11-20  |y BK  |k ICO